Normal view
MARC view
Entry Personal Name
001 - CONTROL NUMBER
- control field: 49681
003 - CONTROL NUMBER IDENTIFIER
- control field: ARRUPE
005 - DATE AND TIME OF LATEST TRANSACTION
- control field: 20200318095920.0
008 - FIXED-LENGTH DATA ELEMENTS
- fixed length control field: 200318|| aca||aabn | a|a d
040 ## - CATALOGING SOURCE
- Original cataloging agency: ARRUPE
- Transcribing agency: ARRUPE
100 ## - HEADING--PERSONAL NAME
- Personal name: Bifet, Juan Esquerda
670 ## - SOURCE DATA FOUND
- Source citation: Work cat.: (ARRUPE): Bifet, Juan Esquerda, Pastoral for a missionary church, 1993